000 01382nam a2200265Ia 4500
999 _c53395
_d53395
001 20438
003 GE_BSU
005 20201201233832.0
008 181216s1912||||ge |||||||||||||| ||geo||
040 _cGE_BSU
041 _ageo
080 _a811.353.1-8(075.3) გ-59
100 _aგოგებაშვილი, იაკობ (1840-1912)
_99815
245 _aდედა ენა. ნაწ. 2 : საკითხავი წიგნი :
_b ანბანის შემდეგ სკოლებში სახმარ 2 წლის სრული კურსი /
_cშედგენილი იაკობ გოგებაშვილის მიერ.
250 _a27 გამოცემა
264 _aთბილისი :
_bს. ლოსაბერიძის სტ. განათლება,
_c1912.
300 _a288 გვ. :
_b ილ. ;
_c21სმ.
490 _aწერა კითხვის საზოგადოების გამოცემა
541 _h1ლ.44 თ.
653 _aდედა ენა ნაწილი 2
653 _aსაკითხავი წიგნი
653 _aანბანის შემდეგ სკოლებში სახმარ 2 წლის სრული კურსი
653 _aქართული ენა
942 _cBK
_2udc